[Event "DSOL 01 Liga Gr-B 1st"]
[Site "Playchess.com INT"]
[Date "2020.07.24"]
[Round "5.4"]
[White "Schneider, Frank"]
[Black "Speck, Stefan"]
[Result "1-0"]
[WhiteElo "1788"]
[BlackElo "1913"]
[PlyCount "89"]
[EventDate "2020.06.22"]
[EventType "team-tourn (rapid)"]
[EventCountry "GER"]
[SourceTitle "EXT 2021"]
[Source "ChessBase"]
[SourceDate "2020.10.23"]
[SourceVersion "1"]
[SourceVersionDate "2020.10.23"]
[SourceQuality "1"]
[WhiteTeam "Kastellaun"]
[BlackTeam "Solingen SG"]
[WhiteTeamCountry "GER"]
[BlackTeamCountry "GER"]

1. d4 d5 2. Nc3 Nf6 3. Bf4 c6 4. e3 Bg4 5. f3 Bf5 6. g4 Bc8 7. Bd3 Na6 8. a3 Nc7 9. h4 a6 10. h5 h6 11. Qd2 Ne6 12. Be5 c5 13. dxc5 Nxc5 14. Bxf6 gxf6 15. Nxd5 e6 16. Nc3 Nxd3+ 17. Qxd3 Qxd3 18. cxd3 Bc5 19. d4 Ba7 20. Nge2 Bd7 21. e4 Ke7 22. 0-0-0 Rhc8 23. Kb1 b5 24. Rd3 a5 25. Na2 Rc4 26. b3 Rc7 27. Rc1 Rac8 28. Rxc7 Rxc7 29. Kb2 Rc8 30. Rc3 Rxc3 31. Kxc3 Bb8 32. b4 a4 33. Nac1 f5 34. gxf5 Kf6 35. fxe6 fxe6 36. f4 Be8 37. Kd3 Bxh5 38. Ke3 Bxe2 39. Nxe2 Kg6 40. Nc3 Kh5 41. Kf3 Kh4 42. Nxb5 Kh3 43. e5 h5 44. f5 exf5 45. e6 1-0

[Event "Baden Wuerttemberg-ch Seniors op 2nd"]
[Site "Freudenstadt"]
[Date "2016.07.06"]
[Round "6"]
[White "Mangei, Paul"]
[Black "Schneider, Frank"]
[Result "1/2-1/2"]
[WhiteElo "1973"]
[BlackElo "2107"]
[PlyCount "106"]
[EventDate "2016.07.01"]
[EventType "swiss"]
[EventRounds "9"]
[EventCountry "GER"]
[SourceTitle "EXT 2019"]
[Source "ChessBase"]
[SourceDate "2018.10.10"]
[SourceVersion "1"]
[SourceVersionDate "2018.10.10"]
[SourceQuality "1"]

1. e4 d6 2. d4 Nf6 3. Nc3 g6 4. f4 Bg7 5. Nf3 0-0 6. e5 Ne8 7. Bc4 c6 8. a4 d5 9. Bd3 Bg4 10. h3 Bxf3 11. Qxf3 e6 12. h4 f5 13. Be3 c5 14. Nd1 Nc6 15. c3 cxd4 16. cxd4 Nb4 17. Bb1 Rc8 18. Nc3 Rf7 19. h5 Bf8 20. Qh3 Rg7 21. g4 a6 22. hxg6 hxg6 23. Qh8+ Kf7 24. gxf5 gxf5 25. Qh5+ Ke7 26. Bf2 Kd7 27. Bxf5 exf5 28. Qxf5+ Kc7 29. Qxf8 Nc2+ 30. Ke2 Nxa1 31. Rxa1 Kb8 32. Rg1 Qd7 33. Rxg7 Nxg7 34. Qd6+ Qxd6 35. exd6 Nf5 36. Nxd5 Nxd6 37. Ne3 Kc7 38. Kf3 Kd7 39. f5 Nc4 40. Nxc4 Rxc4 41. Ke4 Rc2 42. Bh4 Rxb2 43. Ke5 Ke8 44. Ke6 Rb6+ 45. Ke5 Rb4 46. a5 Kf7 47. Bd8 Ke8 48. Bb6 Rb1 49. Ke6 Re1+ 50. Kd6 Rf1 51. Ke6 Re1+ 52. Kd6 Rf1 53. Ke6 Re1+ 1/2-1/2

[Event "Baden Wuerttemberg-ch Seniors op 2nd"]
[Site "Freudenstadt"]
[Date "2016.07.04"]
[Round "4"]
[White "Wessbecher, Hubert"]
[Black "Schneider, Frank"]
[Result "1-0"]
[WhiteElo "2038"]
[BlackElo "2107"]
[PlyCount "85"]
[EventDate "2016.07.01"]
[EventType "swiss"]
[EventRounds "9"]
[EventCountry "GER"]
[SourceTitle "EXT 2019"]
[Source "ChessBase"]
[SourceDate "2018.10.10"]
[SourceVersion "1"]
[SourceVersionDate "2018.10.10"]
[SourceQuality "1"]

1. e4 d6 2. d4 Nf6 3. Nc3 g6 4. Be3 Bg7 5. Qd2 0-0 6. Bh6 e5 7. Nge2 exd4 8. Nxd4 Re8 9. f3 d5 10. 0-0-0 Bh8 11. Qg5 c6 12. h4 Nbd7 13. h5 Re5 14. Nf5 Nf8 15. Bxf8 Bxf5 16. Bh6 Qc7 17. exf5 Rxf5 18. Qd2 Rxh5 19. Rxh5 Nxh5 20. Re1 Be5 21. Ne2 Rd8 22. g4 Nf6 23. f4 Bd6 24. Qd4 Ne8 25. Ng1 f6 26. Bd3 Kf7 27. Nf3 b6 28. Kb1 Bc5 29. Qc3 a5 30. f5 Bb4 31. fxg6+ hxg6 32. Bxg6+ Kg8 33. Qe3 Ng7 34. Rh1 Qe7 35. Qd3 Rd7 36. a3 Bc5 37. Bh7+ Kf8 38. Re1 Qd8 39. Nh4 Bf2 40. Ng6+ Kf7 41. Rf1 Qe8 42. Nf4 Kf8 43. Nh5 1-0

[Event "GER Cup18 final email"]
[Site "GER email"]
[Date "2014.07.22"]
[Round "?"]
[White "Schneider, Frank"]
[Black "Emrich, Eiko"]
[Result "1/2-1/2"]
[WhiteElo "1974"]
[BlackElo "2111"]
[PlyCount "50"]
[EventDate "2014.07.28"]
[EventType "tourn (corr)"]
[EventRounds "6"]
[EventCountry "GER"]
[SourceTitle "Corr 2020"]
[Source "ChessBase"]
[SourceDate "2019.09.30"]
[SourceVersion "1"]
[SourceVersionDate "2019.09.30"]
[SourceQuality "1"]

1. d4 d5 2. c4 c6 3. Nf3 Nf6 4. Nc3 e6 5. e3 Nbd7 6. Qc2 Bd6 7. Bd3 0-0 8. 0-0 dxc4 9. Bxc4 b5 10. Bd3 Bb7 11. Ng5 h6 12. Nge4 Be7 13. Rd1 Qb6 14. b3 a6 15. a4 Nxe4 16. Nxe4 c5 17. Bb2 c4 18. bxc4 bxc4 19. Qxc4 Rfc8 20. Qa2 Bd5 21. Qb1 Rab8 22. Rd2 Rc6 23. Nc3 Bb3 24. a5 Qc7 25. Nd1 Bd6 1/2-1/2

[Event "GER Cup18 PZ07 serv"]
[Site "GER email"]
[Date "2012.09.02"]
[Round "?"]
[White "Bittner, Axel"]
[Black "Schneider, Frank"]
[Result "1/2-1/2"]
[WhiteElo "2043"]
[BlackElo "1906"]
[PlyCount "44"]
[EventDate "2012.09.06"]
[EventType "tourn (corr)"]
[EventRounds "7"]
[EventCountry "GER"]
[SourceTitle "Corr 2015"]
[Source "ChessBase"]
[SourceDate "2015.07.17"]
[SourceVersion "1"]
[SourceVersionDate "2015.07.17"]
[SourceQuality "1"]

1. d4 Nf6 2. c4 e6 3. Nc3 Bb4 4. Qc2 0-0 5. e4 d5 6. e5 Ne4 7. a3 Bxc3+ 8. bxc3 c5 9. Bd3 Qa5 10. Ne2 cxd4 11. cxd5 exd5 12. f3 Nxc3 13. Nxd4 Ne4+ 14. Ke2 Nc5 15. Bxh7+ Kh8 16. Kf2 Bd7 17. Rd1 Rc8 18. Qb1 Nc6 19. Bf5 Qd8 20. Bxd7 Qxd7 21. Qf5 Qe7 22. Nb5 Qxe5 1/2-1/2

[Event "GER Cup18 PZ04 serv"]
[Site "GER email"]
[Date "2012.09.02"]
[Round "?"]
[White "Schneider, Frank"]
[Black "Emrich, Eiko"]
[Result "0-1"]
[WhiteElo "1867"]
[BlackElo "1994"]
[PlyCount "102"]
[EventDate "2012.09.06"]
[EventType "tourn (corr)"]
[EventRounds "6"]
[EventCountry "GER"]
[SourceTitle "Corr 2015"]
[Source "ChessBase"]
[SourceDate "2015.07.17"]
[SourceVersion "1"]
[SourceVersionDate "2015.07.17"]
[SourceQuality "1"]

1. d4 d5 2. Nc3 Nf6 3. Bg5 c5 4. Bxf6 exf6 5. e3 Nc6 6. dxc5 Be6 7. Bd3 d4 8. exd4 Qxd4 9. Nge2 Qe5 10. Na4 Bxc5 11. Nxc5 Qxc5 12. c3 Rd8 13. 0-0 0-0 14. Qc2 g6 15. Rfe1 Qg5 16. Rad1 Rfe8 17. Ng3 Kg7 18. Be4 h5 19. Rxd8 Rxd8 20. Nf1 h4 21. b3 h3 22. Rd1 Rc8 23. Qe2 f5 24. Bf3 hxg2 25. Nd2 Qf6 26. Nc4 f4 27. Bxg2 Qg5 28. Kh1 Bg4 29. f3 Be6 30. Nd6 Rh8 31. Qf2 Ne5 32. Bf1 Qh5 33. Be2 Bd7 34. Nc4 Bc6 35. Nxe5 Qxe5 36. Rd3 f6 37. Kg1 Re8 38. Bd1 Qf5 39. Qd2 Re5 40. c4 a6 41. a4 Qh3 42. Qf2 a5 43. Rd4 g5 44. Rd2 Re3 45. Re2 Qxf3 46. Qxf3 Rxf3 47. Bc2 Kf7 48. Rd2 Ke6 49. Rd8 Re3 50. Kf2 Rh3 51. Kg1 g4 0-1

[Event "GER Cup18 PZ04 serv"]
[Site "GER email"]
[Date "2012.09.02"]
[Round "?"]
[White "Schneider, Frank"]
[Black "Wichert, Gerd"]
[Result "1/2-1/2"]
[WhiteElo "1867"]
[BlackElo "2055"]
[PlyCount "41"]
[EventDate "2012.09.06"]
[EventType "tourn (corr)"]
[EventRounds "6"]
[EventCountry "GER"]
[SourceTitle "Corr 2015"]
[Source "ChessBase"]
[SourceDate "2015.07.17"]
[SourceVersion "1"]
[SourceVersionDate "2015.07.17"]
[SourceQuality "1"]

1. d4 Nf6 2. Nc3 d5 3. Bg5 Nbd7 4. Nf3 c6 5. e3 g6 6. Bd3 Bg7 7. 0-0 0-0 8. h3 Re8 9. Bf4 Nh5 10. Bh2 e5 11. Be2 exd4 12. exd4 Bf8 13. Qd2 Ndf6 14. Rae1 Ng7 15. a3 Bf5 16. Ne5 Nd7 17. Nd1 Nxe5 18. Bxe5 Bd6 19. Bxd6 Qxd6 20. Ne3 Bd7 21. c3 1/2-1/2

[Event "GER Betriebssport-ch7 email"]
[Site "GER email"]
[Date "2012.01.01"]
[Round "?"]
[White "Schneider, Frank"]
[Black "Klowski, Bjoern Sigurd"]
[Result "1/2-1/2"]
[WhiteElo "1906"]
[BlackElo "2145"]
[PlyCount "56"]
[EventDate "2012.01.10"]
[EventType "swiss (corr)"]
[EventRounds "6"]
[EventCountry "GER"]
[SourceTitle "Corr 2015"]
[Source "ChessBase"]
[SourceDate "2015.07.17"]
[SourceVersion "1"]
[SourceVersionDate "2015.07.17"]
[SourceQuality "1"]

1. d4 Nf6 2. c4 e6 3. Nc3 Bb4 4. Qc2 0-0 5. a3 Bxc3+ 6. Qxc3 b6 7. Bg5 Bb7 8. f3 d5 9. e3 Re8 10. Bd3 h6 11. Bh4 Nbd7 12. cxd5 e5 13. dxe5 Nxd5 14. Bxd8 Nxc3 15. Bxc7 Nc5 16. Bc4 Bd5 17. b4 Ne6 18. Bxd5 Nxd5 19. Bd6 Nxe3 20. Kf2 Nc4 21. Ne2 Rad8 22. Rac1 b5 23. a4 Nxd6 24. exd6 Rxd6 25. Rhd1 Rxd1 26. Rxd1 bxa4 27. Ra1 a5 28. Rxa4 axb4 1/2-1/2

[Event "GER Betriebssport-ch7 email"]
[Site "GER email"]
[Date "2012.01.01"]
[Round "?"]
[White "Wolff, Peter"]
[Black "Schneider, Frank"]
[Result "1/2-1/2"]
[WhiteElo "2046"]
[BlackElo "1906"]
[PlyCount "109"]
[EventDate "2012.01.10"]
[EventType "swiss (corr)"]
[EventRounds "6"]
[EventCountry "GER"]
[SourceTitle "Corr 2015"]
[Source "ChessBase"]
[SourceDate "2015.07.17"]
[SourceVersion "1"]
[SourceVersionDate "2015.07.17"]
[SourceQuality "1"]

1. c4 c6 2. g3 d5 3. Nf3 Nf6 4. Bg2 Bf5 5. cxd5 cxd5 6. Qb3 Qd7 7. Ne5 Qc7 8. Nc3 Nc6 9. Nxc6 bxc6 10. d3 e5 11. 0-0 Rb8 12. Qc2 Bd6 13. Bg5 0-0 14. Rac1 Qb7 15. e4 Be6 16. Bxf6 gxf6 17. b3 Ba3 18. Rcd1 f5 19. Na4 fxe4 20. dxe4 f5 21. Nc5 Bxc5 22. exf5 Bxf5 23. Qxc5 Qb6 24. Qc3 e4 25. b4 Bg4 26. Rd4 Rb7 27. a4 a6 28. Rb1 Rbf7 29. Rb2 Qa7 30. Rbd2 Qb6 31. Qe3 Qb8 32. Rc2 Bd7 33. Qg5+ Kh8 34. Rb2 Qa7 35. Qe3 Bc8 36. Rc2 Bd7 37. Rcd2 Be6 38. h3 Qb7 39. Qc3 Kg8 40. Qc5 Rf6 41. Rc2 Bf7 42. Rc3 Bg6 43. Rd2 Rb8 44. Rb2 Qb6 45. Bf1 d4 46. Qe5 Rbf8 47. a5 Qa7 48. Rxc6 Rxc6 49. Qd5+ Rf7 50. Qxc6 d3 51. Qc8+ Kg7 52. Qc3+ Kg8 53. Qc8+ Kg7 54. Qc3+ Kg8 55. Qc8+ 1/2-1/2

[Event "GER Betriebssport-ch6a email"]
[Site "GER email"]
[Date "2011.01.10"]
[Round "?"]
[White "Maus, Joachim"]
[Black "Schneider, Frank"]
[Result "0-1"]
[WhiteElo "1640"]
[BlackElo "1867"]
[PlyCount "60"]
[EventDate "2011.01.10"]
[EventType "tourn (corr)"]
[EventRounds "6"]
[EventCountry "GER"]
[SourceTitle "Corr 2015"]
[Source "ChessBase"]
[SourceDate "2015.07.17"]
[SourceVersion "1"]
[SourceVersionDate "2015.07.17"]
[SourceQuality "1"]

1. d4 Nf6 2. Bf4 d6 3. Nc3 g6 4. Nf3 Bg7 5. h3 0-0 6. e3 c6 7. Bd3 Nd5 8. Nxd5 cxd5 9. 0-0 Nd7 10. e4 e5 11. Bg5 f6 12. Bh4 g5 13. Bg3 f5 14. dxe5 fxe4 15. Nd4 Nb6 16. Bb5 dxe5 17. Nb3 Bf5 18. Qe1 Rc8 19. c3 d4 20. cxd4 exd4 21. Nd2 Qd5 22. a4 Rc2 23. b3 e3 24. fxe3 dxe3 25. Nf3 Bxh3 26. Be2 Bxa1 27. Qxa1 Rxe2 28. Qd4 Qxd4 29. Nxd4 Rxg2+ 30. Kh1 Rxf1# 0-1

[Event "GER Betriebssport-ch6a email"]
[Site "GER email"]
[Date "2011.01.10"]
[Round "?"]
[White "Schneider, Frank"]
[Black "Schultz, Klaus Peter"]
[Result "1-0"]
[WhiteElo "1867"]
[BlackElo "1925"]
[PlyCount "37"]
[EventDate "2011.01.10"]
[EventType "tourn (corr)"]
[EventRounds "6"]
[EventCountry "GER"]
[SourceTitle "Corr 2015"]
[Source "ChessBase"]
[SourceDate "2015.07.17"]
[SourceVersion "1"]
[SourceVersionDate "2015.07.17"]
[SourceQuality "1"]

1. d4 Nf6 2. Nc3 g6 3. e4 Bg7 4. e5 Ng8 5. Nf3 d5 6. h3 Nc6 7. Bf4 a6 8. Qd2 Bf5 9. 0-0-0 Qd7 10. g4 Be4 11. Nxe4 dxe4 12. Ng5 h6 13. Nxe4 Qd5 14. Bg2 Qc4 15. b3 Qb5 16. a4 Qb6 17. d5 0-0-0 18. Qc3 Nb4 19. Qc4 1-0

[Event "GER Cup18 sf22 serv"]
[Site "GER email"]
[Date "2010.06.06"]
[Round "?"]
[White "Schneider, Frank"]
[Black "Bolz, Joachim"]
[Result "1-0"]
[WhiteElo "1801"]
[BlackElo "1876"]
[PlyCount "107"]
[EventDate "2010.06.21"]
[EventType "tourn (corr)"]
[EventRounds "6"]
[EventCountry "GER"]
[SourceTitle "Corr 2015"]
[Source "ChessBase"]
[SourceDate "2015.07.17"]
[SourceVersion "1"]
[SourceVersionDate "2015.07.17"]
[SourceQuality "1"]
[WhiteTeam "Germany"]
[BlackTeam "Germany"]
[WhiteTeamCountry "GER"]
[BlackTeamCountry "GER"]

1. d4 Nf6 2. Nc3 d5 3. Bg5 c5 4. Bxf6 exf6 5. e3 Nc6 6. Nge2 cxd4 7. Nxd4 Bb4 8. Qd2 0-0 9. a3 Qa5 10. Rb1 Bxc3 11. Qxc3 Qxc3+ 12. bxc3 Ne7 13. Kd2 Rb8 14. Rb4 Bd7 15. Bb5 Rbd8 16. Be2 Bc8 17. Rhb1 g6 18. Ra4 a6 19. Rb6 f5 20. Nb3 d4 21. Nxd4 Nd5 22. Rb1 Rfe8 23. g3 Re7 24. Bf3 Rc7 25. Bxd5 Rxd5 26. Rab4 Rdc5 27. R1b3 Kg7 28. Kd3 Re7 29. Rc4 Rxc4 30. Kxc4 b5+ 31. Kd3 Be6 32. Nxe6+ fxe6 33. c4 bxc4+ 34. Kxc4 Rc7+ 35. Kd3 Rd7+ 36. Kc3 Rc7+ 37. Kb2 Kf6 38. Rb6 a5 39. a4 Rd7 40. Rb5 Rd2 41. f4 Rxh2 42. Rxa5 Re2 43. Ra8 Ke7 44. a5 Kd7 45. Rb8 Kc7 46. Rb3 Rd2 47. a6 Rd8 48. Rb7+ Kc6 49. Rxh7 Rd5 50. a7 Ra5 51. Kb3 Kc5 52. Rc7+ Kb6 53. Rg7 Kc5 54. Rxg6 1-0

[Event "GER Cup18 sf22 serv"]
[Site "GER email"]
[Date "2010.06.06"]
[Round "?"]
[White "Schneider, Frank"]
[Black "Krumm, Guenther"]
[Result "1-0"]
[WhiteElo "1801"]
[BlackElo "2053"]
[PlyCount "77"]
[EventDate "2010.06.21"]
[EventType "tourn (corr)"]
[EventRounds "6"]
[EventCountry "GER"]
[SourceTitle "Corr 2015"]
[Source "ChessBase"]
[SourceDate "2015.07.17"]
[SourceVersion "1"]
[SourceVersionDate "2015.07.17"]
[SourceQuality "1"]
[WhiteTeam "Germany"]
[BlackTeam "Germany"]
[WhiteTeamCountry "GER"]
[BlackTeamCountry "GER"]

1. d4 Nf6 2. Nc3 d5 3. Bg5 Nbd7 4. Nf3 h6 5. Bh4 c5 6. dxc5 e6 7. b4 Be7 8. e3 0-0 9. a3 Nb8 10. Bd3 b6 11. cxb6 axb6 12. 0-0 Bb7 13. Nb5 Ne4 14. Bxe7 Qxe7 15. Qb1 Nd6 16. Nxd6 Qxd6 17. Qb2 Rc8 18. Rfd1 Qc7 19. Rdc1 Qc3 20. Qxc3 Rxc3 21. a4 Ba6 22. b5 Bb7 23. Rcb1 Rc8 24. Rb3 Nd7 25. Rba3 Nc5 26. Nd4 Kf8 27. Nb3 Nxd3 28. cxd3 Rc3 29. d4 Ke7 30. g4 Kd6 31. a5 bxa5 32. Rxa5 Rxb3 33. Rxa8 Bxa8 34. Rxa8 Rxb5 35. Ra7 e5 36. Rxf7 exd4 37. exd4 Rb4 38. Rxg7 Rxd4 39. Rg6+ 1-0